Central Library OPAC University of Rajshahi

An introduction to statistics for psychology and education / (Record no. 6650)

MARC details
000 -LEADER
fixed length control field 00766nam a2200253 a 4500
001 - CONTROL NUMBER
control field 6650
003 - CONTROL NUMBER IDENTIFIER
rucl marc code BD-RjUL
005 - DATE AND TIME OF LATEST TRANSACTION
control field 20211208234303.0
008 - FIXED-LENGTH DATA ELEMENTS--GENERAL INFORMATION
fixed length control field 110114s1984 ohua b 001 0 eng
020 ## - INTERNATIONAL STANDARD BOOK NUMBER
International Standard Book Number 0675201543
035 ## - SYSTEM CONTROL NUMBER
System control number (BD-RjUL)6691
040 ## - CATALOGING SOURCE
Original cataloging agency DLC
Transcribing agency DLC
Modifying agency BD-RjUL
Language of cataloging eng
041 ## - LANGUAGE CODE
Language code of text/sound track or separate title eng
082 00 - DEWEY DECIMAL CLASSIFICATION NUMBER
Classification number 519.5
Edition number 19
Author mark and year CLI 1984
100 1# - MAIN ENTRY--PERSONAL NAME
Personal name Clayton, Keith N.
Fuller form of name (Keith Neil)
9 (RLIN) 20902
245 13 - TITLE STATEMENT
Title An introduction to statistics for psychology and education /
Statement of responsibility, etc. Keith N. Clayton.
260 ## - PUBLICATION, DISTRIBUTION, ETC. (IMPRINT)
Place of publication, distribution, etc. Columbus :
Name of publisher, distributor, etc. C.E. Merrill Pub. Co.,
Date of publication, distribution, etc. c1984.
300 ## - PHYSICAL DESCRIPTION
Pagination xvii, 382 p. :
Illustrations ill. (some col.) ;
Size 24 cm.
504 ## - BIBLIOGRAPHY, ETC. NOTE
Bibliography, etc Includes bibliographies and index.
650 #0 - SUBJECT ADDED ENTRY--TOPICAL TERM
Topical term or geographic name as entry element Statistics.
9 (RLIN) 20903
942 ## - ADDED ENTRY ELEMENTS (KOHA)
Source of classification or shelving scheme Dewey Decimal Classification
Koha item type Books
Holdings
Lost status Source of classification or shelving scheme Damaged status Not for loan Permanent Location Current Location Shelving location Date acquired Source of acquisition Cost, normal purchase price Total Checkouts Full call number Date last seen Copy number Koha item type
  Dewey Decimal Classification   Not For Loan Central Library, University of Rajshahi Central Library, University of Rajshahi   10/09/1988 Asia Foundation 0.00   519.5 CLI 1984 11/01/2014 C-1 Books